Estadísticas para Familia Real de España

Haz click aquí para intentar la prueba.

Estadísticas generales

  • Esta prueba ha sido intentada 151 veces
  • La puntuación promedio es 6 de 6

Estadísticas de respuestas

HintRespuesta% Correcto
El reyFelipe VI
100%
La princesa de AsturiasLeonor
96%
La infantaSofia
95%
La reinaSofia
95%
El reyJuan Carlos
93%
La reinaLetizia
85%

Distribución de puntuación

Porcentaje por número respondido

Porcentaje de gente con cada puntuación

Historial de tus puntuaciones

No has intentado esta prueba.